• 首页
  • 本馆介绍
  • 公告通知
  • 最新文献
  • 馆藏检索
  • 电子资源
  • 读者导购
  • 参考咨询
  • 我的图书馆
  • 登录
  • 详细信息显示
  • 放入我的书架
  • 预约/预借图书
  • 作者相关作品
  • 分类相关作品
  • 丛书相关作品
  • 出版社相关作品

书目信息

  • 表格格式
  • 工作单格式
  • 卡片格式
题名:
初等数学复习及研究
    
 
作者: 朱德祥 编
分册:  
出版信息: 北京   人民教育出版社  1960
页数: 481页
开本: 19cm
丛书名:
单 册:
中图分类: O123.1
科图分类:
主题词: 初等数学
电子资源:
ISBN:
000 00620nam0 2200217 45
001 0405191752
005 20070710151721.53
010    @dCNY1.20
091    @a13012.0125
100    @a20040519d1960 km y0chiy0120 ea
101 0  @achi
200 1  @a初等数学复习及研究@AChu Deng Shu Xue Fu Xi Ji Yan Jiu@e平面几何@EPing Mian Ji He@f朱德祥编@FZhu De Xiang Bian
210    @a北京@c人民教育出版社@d1960
215    @a481页@d19cm
300    @a高等学校教学参考书
517    @a平面几何@APing Mian Ji He
606 0  @a初等数学
690    @aO123.1@v3
701  0 @a朱德祥@4编
801    @aCN@bPftUser@c20070710
905    @dO123.1@e15
    
    初等数学复习及研究:平面几何/朱德祥编.-北京:人民教育出版社,1960
    481页;19cm
    高等学校教学参考书
    
    ISBN :CNY1.20
    
●
相关链接 在E读中查询图书 在五车中查询图书 在当当中查询图书 在豆瓣中查询图书


正题名:初等数学复习及研究     索取号:O123.1/15         预约/预借

序号 登录号 条形码 馆藏地/架位号 状态 备注
1 0007552   202093162   密集书库/ [索取号:O123.1/15] 在馆    
2 0007553   202382331   密集书库/ [索取号:O123.1/15] 在馆    
3 0024302   001244282   第三借阅区/ [索取号:O123.1/15] 在馆    
4 0024304   202382091   密集书库/ [索取号:O123.1/15] 在馆    
5 0024305   202382322   密集书库/ [索取号:O123.1/15] 在馆    
6 0024306   202390297   密集书库/ [索取号:O123.1/15] 在馆    
7 0024308   001937587   第三借阅区/ [索取号:O123.1/15] 在馆    
8 0024309   202269801   密集书库/ [索取号:O123.1/15] 在馆    
9 0024310   202269883   密集书库/ [索取号:O123.1/15] 在馆    
10 0024311   001244264   第三借阅区/ [索取号:O123.1/15] 在馆    
11 0431079   204310799   密集书库/ [索取号:O123.1/15] 在馆    
12 0431080   204310806   密集书库/ [索取号:O123.1/15] 在馆    
13 0431081   204310815   密集书库/ [索取号:O123.1/15] 在馆    
14 0446913   204469137   密集书库/ [索取号:O123.1/15] 在馆    
15 0447324   204473248   密集书库/ [索取号:O123.1/15] 在馆    
16 0765522   207655223   密集书库/ [索取号:O123.1/15] 在馆    
17 0767855   207678556   密集书库/ [索取号:O123.1/15] 在馆    
18 0767856   207678565   密集书库/ [索取号:O123.1/15] 在馆    
19 0767857   207678574   密集书库/ [索取号:O123.1/15] 在馆    
唐山师范学院图书馆 欢迎您!
大连网信软件有限公司© 版权所有